Hablando desde el cargo / por el Excmo. Sr. D. Joaquín Buxó Dulce de Abaigar...
Descripción Física:
XIX, 361 p. ; 22'5 cm
MARC
| LEADER | 00000nam a2200000Ia 4500 | ||
|---|---|---|---|
| 001 | 1812 | ||
| 008 | 160829s1966 xx 000 0 cat d | ||
| 080 | |a M-2-116 | ||
| 110 | 1 | |a Barcelona (Catalunya : Província). |b President (1949-1967 : Buxó de Abaigar) |9 54218 | |
| 245 | |a Hablando desde el cargo / por el Excmo. Sr. D. Joaquín Buxó Dulce de Abaigar... | ||
| 260 | |a Barcelona : |b Diputación Provincial de Barcelona. Sección de Prensa, |c 1966 | ||
| 300 | |a XIX, 361 p. ; |c 22'5 cm | ||
| 610 | 1 | 0 | |9 52771 |a Barcelona (Catalunya : Província). |b Diputació |x Presidents |
| 650 | 0 | |a Discursos castellans |9 54360 | |
| 901 | |a Arxiu | ||
| 942 | |n 1 |2 udc | ||
| 952 | |0 0 |1 0 |4 0 |6 M2116 |7 1 |9 45702 |a Arxiu |b Arxiu |d 2016-12-01 |l 0 |o M-2-116 |p 1812 |r 2016-12-01 00:00:00 |w 2016-12-01 |y ARXIU | ||
| 999 | |c 49202 |d 49202 | ||